| 000 | 00549nam a2200181Ia 4500 | ||
|---|---|---|---|
| 005 | 20250423095811.0 | ||
| 008 | 250422s9999 xx 000 0 und d | ||
| 020 | _a9789780290726 | ||
| 050 | _aHF 5718 .J36/ | ||
| 100 | _aJames, Sybil | ||
| 245 | 0 | _aIntroduction to communication for business and organization | |
| 260 | _aIbadan, Nigeria | ||
| 260 | _bSpectrum books Limited | ||
| 260 | _c2006 | ||
| 300 | _a113 p | ||
| 650 | _aBusiness communication. Corporate culture. Public relations. Finance. Economics. Communication. | ||
| 942 | _cBK | ||
| 999 |
_c31373 _d31373 |
||